000 00473nam a2200157 i 4500
001 73720
003 ES-MaACL
005 20230906171913.0
007 t|
008 040910s1906 fr ||||1| fre d
100 1 _aGondouin, Henry.
_958234
245 1 4 _aLes tribunaux du travail en France
_b: ce qu'ils sont, ce qu'ils doivent ĂȘtre /
_cHenry Gondouin.
260 _aCaen :
_b[s.n.,
_c1906] (
_fImp. Ch. Vallin)
300 _a310 p. ;
_c25 cm.
852 _aES-MaACL
_jF-9895
999 _c73720
_d73720